000 00614nam a2200193 i 4500
001 145642
003 ES-MaACL
005 20230906201256.0
007 t|
008 071015s1909 be ||||1| fre d
100 1 _aVermeersch, Arthur.
_9114149
245 1 0 _aManuel social
_b: la législation et oeuvres en Belgique /
_cpar A. Vermeersch... et A. Müller ; avec une préface de M. Gérard Cooreman.
250 _a3em. ed.
260 _aLovain :
_bA. Uystpruyst,
_c1909.
300 _a2 v. ;
_c23 cm.
700 0 _aMüller, A.
_984115
700 1 _aCooreman, Gérard.
_940399
852 _aES-MaACL
_jD-2809-10
999 _c145642
_d145642